A Christmas Carol - Statistics

General Stats
  • This quiz has been taken 51 times
  • The average score is 13 of 18
Answer Stats
Answer % Correct
Noel Noel Noel {Noel}
93%
And so it continued both day and {night}
91%
The first Noel the {angel} did say
89%
Three {wise} men came from the country far;
89%
In fields where they lay keeping their {sheep}
87%
Born is the King of {Israel}
85%
They looked up and {saw} a star
85%
Right over the place where Jesus {lay}
80%
Was to certain poor {shepherds} in fields as they lay:
80%
On a cold winter's night that was so {deep}
76%
And to follow the star wherever it {went}
74%
And by the {light} of that same star
70%
This star drew nigh to the {north}-west;
70%
To seek for a {King} was their intent,
65%
And to the earth it gave {great} light
57%
Shining in the {east} beyond them far:
54%
O'er Bethlehem it took its {rest}
50%
And there it did both {stop} and stay,
33%
No matching quizzes found
Score Distribution
Percent of People with Each Score
Percentile by Number Answered
Your Score History
You have not taken this quiz